Bref. J'ai fait un quiz sur bref. - Statistiques

Statistiques générales
  • Ce quiz a été pris 370 fois
  • Le résultat moyen est 13 sur 24
Statistiques - réponses
Question Réponse % Correct
Quel mot est employé pour désigner le narrateur durant toute la série ? Je
94%
Comment se nomme son premier colocataire ? (saison 1) Baptiste
73%
Et quelle est la phrase favorite de celle-ci ? T'es {qu'un} {con} !
68%
Qui sont les créateurs de la série ? Kyan Khojandi
67%
Comment se nomme le "plan cul régulier" du narrateur ? Marla
62%
Par quel mot Julien finit-il (presque) toutes ses phrases ? Enfin...
61%
Qui interprète ce personnage ? Laura Felpin
61%
Quel ami du narrateur est en fait un personnage imaginaire ? Kheiron
59%
Lorsqu'il était au collège, de quel film le narrateur connaissait-il toutes lesrépliques par cœur ? La Cité de la Peur
58%
À la fin de la saison 2, le narrateur travaille dans une boutique de... Jouets
53%
Parlons trauma : le père du narrateur s'est moqué de lui devant les autresenfants parce qu'il avait peur de... Plonger
53%
Comment se prénomme l'ami du personnage principal, toxique et harceleur ? Ben
51%
Selon le narrateur, Julien est un... Pote à {conditions} {générales}
51%
À qui le personnage principal donne-t-il un coup de poing dans la saison 2 ? Son frère
50%
Qui interprète le "psy bourré" (saison 2) ? Alexandre Astier
48%
En quoi se transforme ce dernier, lorsqu'il tombe amoureux ? Super {Flippant}
48%
Quel suffixe numérique est ajouté de façon caricaturale aux noms de marques ? 3000
45%
Qui sont les créateurs de la série ? Bruno Muschio
45%
Parlons métaphore : le narrateur assimile la relation de couple à une... Voiture
45%
Avec qui le personnage principal est-il en coloc, dans la saison 2 ? Billie
34%
Comment s'appelait sa chatte, morte et enterrée ? Croquette
33%
Dans la saison 2, comment s'appelle le voisin qui est resté bloqué en 1998 ? Jean-Jacques
33%
Comment s'appelle le film que cette dernière a réalisé (saison 2) ? Mortelle b{analité}
33%
Dans la saison 1, elle est désignée par "cette fille". Quel est son prénom ? Sarah
28%
Aucun quiz correspondant
Distribution des résultats
% des personnes avec chaque résultat
Percentile par nombre de réponses
Votre historique - résultats
Vous n’avez pas pris ce quiz